| 000 | 00447nam a2200193Ia 4500 | ||
|---|---|---|---|
| 003 | OSt | ||
| 005 | 20250618100010.0 | ||
| 008 | 210707s1982 xx 000 0 und d | ||
| 040 | _cAL | ||
| 041 | _aeng | ||
| 082 | _a301 SHAP | ||
| 100 |
_aRam Nath Sharma _9208415 |
||
| 245 | _aPrinciples of sociology | ||
| 250 | _a2 | ||
| 260 |
_aU. K. _bJ. K. Publishers _c1982 |
||
| 300 | _axi, 472p. | ||
| 650 |
_aSociology _9208416 |
||
| 942 |
_2ddc _cBK |
||
| 999 |
_c180232 _d180232 |
||